ENG 299 technical writing for engineers
Sparad:
| Institutionell upphovsman: | |
|---|---|
| Materialtyp: | Bok |
| Språk: | Undetermined |
| Publicerad: |
Boston
Pearson Custom Publishing
2008
|
| Ämnen: | |
| Taggar: |
Lägg till en tagg
Inga taggar, Lägg till första taggen!
|
| Thư viện lưu trữ: | Trung tâm Học liệu Trường Đại học Cần Thơ |
|---|
| LEADER | 00549nam a2200181Ia 4500 | ||
|---|---|---|---|
| 001 | CTU_191452 | ||
| 008 | 210402s9999 xx 000 0 und d | ||
| 082 | |a 620.00149 | ||
| 082 | |b C718 | ||
| 110 | |a Colorado technical university | ||
| 245 | 0 | |a ENG 299 technical writing for engineers | |
| 245 | 0 | |c Colorado technical university | |
| 260 | |a Boston | ||
| 260 | |b Pearson Custom Publishing | ||
| 260 | |c 2008 | ||
| 650 | |a Technical writing,Văn bản kỹ thuật | ||
| 904 | |i Qhieu | ||
| 980 | |a Trung tâm Học liệu Trường Đại học Cần Thơ | ||